| 000 | 01268nam a2200325Ia 4500 | ||
|---|---|---|---|
| 001 | ebr10660458 | ||
| 003 | CaPaEBR | ||
| 006 | m u | ||
| 007 | cr cn||||||||| | ||
| 008 | 090228s2009 nyua sb 001 0 eng d | ||
| 020 | _z1606927868 | ||
| 020 | _z9781606927861 | ||
| 020 | _z9781607414179 | ||
| 040 |
_aCaPaEBR _cCaPaEBR |
||
| 035 | _a(OCoLC)730514985 | ||
| 041 | 0 |
_aeng _ager |
|
| 050 | 1 | 4 |
_aQC261 _b.L58 2009eb |
| 100 | 1 | _aLiu, Shu-Chiu. | |
| 245 | 1 | 0 |
_aReconstructing the science of heat for better teaching and learning _h[electronic resource] / _cShu-Chiu Liu. |
| 260 |
_aNew York : _bNova Science Publishers, _cc2009. |
||
| 300 |
_aviii, 91 p. : _bill. |
||
| 504 | _aIncludes bibliographical references (p. [75]-78) and index. | ||
| 533 |
_aElectronic reproduction. _bPalo Alto, Calif. : _cebrary, _d2013. _nAvailable via World Wide Web. _nAccess may be limited to ebrary affiliated libraries. |
||
| 546 | _aText in English; one appendix in German. | ||
| 650 | 0 |
_aThermodynamics _xStudy and teaching (Secondary) |
|
| 650 | 0 | _aPhysics. | |
| 655 | 7 |
_aElectronic books. _2local |
|
| 710 | 2 | _aebrary, Inc. | |
| 856 | 4 | 0 |
_uhttp://site.ebrary.com/lib/rucke/Doc?id=10660458 _zAn electronic book accessible through the World Wide Web; click to view |
| 999 |
_c67791 _d67791 |
||